000 00552cam a2200217ua 4500
001 116
008 110321n ii |||gr||||Z||||||eng
020 _a978-0-07-063437-4
020 _a0-07-063437-8
040 _cMAIN
082 _a006.6
245 _aComputer graphics.
_cBy Amarendra N Sinha.
250 _b1st.
260 _aNew Delhi.:
_bMcgraw hill.,
_c2008.
300 _axi, 471 p.:
_bill;
_c20 cm.
653 _aComputer science.
653 _aComputer graphics.
700 1 _aSinha, N Amarendra.,
700 0 _aDuai, Arun D.,
942 _cBK
999 _c106
_d106